[Event "Landesklasse West 2014/2015"]
[Site "?"]
[Date "2014.10.05"]
[Round "2"]
[White "Strecker, Frank"]
[Black "Frank, Thomas"]
[Result "1/2-1/2"]
[WhiteElo "1643"]
[BlackElo "1922"]
[PlyCount "42"]
[EventDate "2014.??.??"]

1. Nf3 Nf6 2. g3 g6 3. Bg2 Bg7 4. O-O O-O 5. d3 c5 6. e4 d6 7. Nc3 Nc6 8. h3 a6
9. Be3 Bd7 10. Qd2 Qc7 11. Rab1 Rac8 12. a3 b5 13. Nd5 Nxd5 14. exd5 Ne5 15.
Nxe5 Bxe5 16. f4 Bg7 17. c3 Rfe8 18. Kh2 a5 19. Rbc1 Rb8 20. d4 c4 21. Be4 Qc8
1/2-1/2

[Event "Landesklasse West 2014/2015"]
[Site "?"]
[Date "2014.10.05"]
[Round "2"]
[White "Pfitzenreuter, Gerald"]
[Black "Meyer, Peter"]
[Result "0-1"]
[WhiteElo "1863"]
[BlackElo "1579"]
[PlyCount "130"]
[EventDate "2014.??.??"]

1. d4 Nf6 2. c4 e6 3. Nc3 Bb4 4. Qc2 d5 5. e3 c6 6. Bd3 dxc4 7. Bxc4 Nbd7 8.
Nf3 Nb6 9. Bd3 Qc7 10. O-O Bd7 11. a3 Be7 12. e4 h6 13. Be3 Ng4 14. Bd2 c5 15.
Nb5 Qc6 16. h3 c4 17. hxg4 Qxb5 18. Be2 Rc8 19. Rac1 Qa4 20. Ne5 Bb5 21. Qxa4
Bxa4 22. Nxc4 Nxc4 23. Rxc4 Rxc4 24. Bxc4 Kd7 25. Rc1 Rc8 26. Bd3 Rxc1+ 27.
Bxc1 Bd1 28. f3 Bh4 29. Bf4 a6 30. Kf1 Bb3 31. Ke2 Bd8 32. Bd2 Bc7 33. Kf2 Bb6
34. Be3 Bc7 35. g3 Bd1 36. g5 h5 37. Bf4 Bb6 38. Be5 g6 39. Ke3 Ba5 40. Bc4 b5
41. Ba2 Bd8 42. f4 Bb6 43. Kd3 Bf3 44. b4 Bg2 45. Bb3 a5 46. f5 a4 47. Ba2 Bh3
48. fxg6 fxg6 49. Ke3 Bg4 50. Bb1 Bd1 51. Bd3 Kc6 52. Bf6 Bg4 53. Be7 e5 54.
Bc5 exd4+ 55. Bxd4 Bd8 56. Kf4 Bd7 57. e5 Kd5 58. Bc5 Be8 59. Be4+ Kc4 60. Be3
Kb3 61. Bc1 Bb6 62. Kf3 Bd4 63. Ke2 Bxe5 64. Kd3 Bb2 65. Bd2 Bf7 0-1

[Event "Landesklasse West 2014/2015"]
[Site "?"]
[Date "2014.10.05"]
[Round "2"]
[White "Trapp, Werner"]
[Black "Löffelholz, Christian"]
[Result "1/2-1/2"]
[WhiteElo "1386"]
[BlackElo "1677"]
[PlyCount "60"]
[EventDate "2014.??.??"]

1. d4 Nf6 2. c4 g6 3. Nc3 Bg7 4. e3 O-O 5. Nf3 d6 6. Be2 Nbd7 7. O-O Re8 8. Re1
e5 9. dxe5 Nxe5 10. Nxe5 Rxe5 11. Bf3 c6 12. e4 g5 13. g3 Bh3 14. b3 Qd7 15.
Ba3 Re6 16. Rc1 Ne8 17. Qc2 Be5 18. Rcd1 Rh6 19. Qd2 f6 20. c5 Rd8 21. Qc1 Bg4
22. Qe3 Bxf3 23. Qxf3 Qh3 24. Nb1 Qxh2+ 25. Kf1 Qh3+ 26. Ke2 Qe6 27. cxd6 Nxd6
28. Bxd6 Rxd6 29. Rxd6 Qxd6 30. Rd1 Qe7 1/2-1/2

[Event "Landesklasse West 2014/2015"]
[Site "?"]
[Date "2014.10.05"]
[Round "2"]
[White "Hübschmann, Holger"]
[Black "Krüger, Karsten"]
[Result "1-0"]
[WhiteElo "1879"]
[BlackElo "1254"]
[PlyCount "35"]
[EventDate "2014.??.??"]

1. Nf3 Nf6 2. c4 d6 3. d4 Nbd7 4. Nc3 e5 5. Bg5 exd4 6. Nxd4 Be7 7. e3 O-O 8.
Be2 c5 9. Nf5 Re8 10. Nxd6 Bxd6 11. Qxd6 Re6 12. Qd2 Qb6 13. O-O Qa5 14. Rad1
Ne4 15. Nxe4 Qxa2 16. Ra1 Qb3 17. Nxc5 f6 18. Nxb3 1-0

[Event "Landesklasse West 2014/2015"]
[Site "?"]
[Date "2014.10.05"]
[Round "2"]
[White "Latussek, Paul"]
[Black "Essegern, Uwe"]
[Result "0-1"]
[WhiteElo "1446"]
[BlackElo "1860"]
[PlyCount "82"]
[EventDate "2014.??.??"]

1. f4 g6 2. Nf3 Bg7 3. c3 Nf6 4. e3 O-O 5. Be2 d6 6. O-O Nbd7 7. d4 c6 8. c4
Qc7 9. Nc3 e5 10. d5 e4 11. Nd4 c5 12. Ndb5 Qb8 13. Qc2 a6 14. Na3 Re8 15. Nab1
Nf8 16. Nd2 Bf5 17. h3 h5 18. Kh1 b6 19. Rg1 Qc8 20. Kh2 Bh6 21. Nf1 h4 22. g4
hxg3+ 23. Rxg3 N8h7 24. Qd1 Kf8 25. Bg4 Bg7 26. Rg2 Bxg4 27. hxg4 g5 28. f5 Nd7
29. Nd2 Bxc3 30. bxc3 Qd8 31. Qc2 Qe7 32. Kg1 Nhf6 33. Rh2 Nxg4 34. Rh8+ Kg7
35. Rxe8 Rxe8 36. Nf1 Qe5 37. Qe2 Qxf5 38. Ng3 Qf3 39. Qxf3 exf3 40. Bd2 Kg6
41. Re1 f2+ 0-1

[Event "Landesklasse West 2014/2015"]
[Site "?"]
[Date "2014.10.05"]
[Round "2"]
[White "Schulz, Tilo"]
[Black "Löhn, Marko"]
[Result "1-0"]
[WhiteElo "1881"]
[BlackElo "1553"]
[PlyCount "73"]
[EventDate "2014.??.??"]

1. d4 d5 2. c4 c6 3. Nf3 Nf6 4. Nc3 dxc4 5. e3 b5 6. a4 Bd7 7. Ne5 e6 8. axb5
Nd5 9. bxc6 Nxc6 10. Nxd7 Qxd7 11. Bxc4 Bb4 12. Qd3 Bxc3+ 13. bxc3 O-O 14. O-O
a5 15. Ba3 Rfb8 16. Rfb1 Qc7 17. Bb2 Nce7 18. Bb5 Nb6 19. Ba3 Nf5 20. c4 Nd7
21. c5 Nf6 22. Ba4 Rd8 23. Rb6 Ng4 24. g3 Nh4 25. Bd1 Ne5 26. Qe4 Nc4 27. Rb7
Qc8 28. gxh4 Rd5 29. Rbb1 Nd2 30. Qc2 Nxb1 31. Rxb1 Qd8 32. Qe4 Qf6 33. c6 g5
34. h5 Rf5 35. Bg4 Rxf2 36. c7 Rc8 37. Bd6 1-0

[Event "Landesklasse West 2014/2015"]
[Site "?"]
[Date "2014.10.05"]
[Round "2"]
[White "Handschuh, Franz"]
[Black "Roth, Ralf"]
[Result "1/2-1/2"]
[WhiteElo "1860"]
[BlackElo "1797"]
[PlyCount "40"]
[EventDate "2014.??.??"]

1. d4 Nf6 2. e3 g6 3. Bd3 Bg7 4. f4 d6 5. Nf3 Nc6 6. e4 Bg4 7. c3 O-O 8. e5 Nd5
9. h3 Bd7 10. O-O Qc8 11. Qe2 Nd8 12. a3 Ne6 13. Nh4 f5 14. Bc4 Nb6 15. Bb3 d5
16. Be3 c5 17. dxc5 Nxc5 18. Bxd5+ Nxd5 19. Qc4 b6 20. Qxd5+ Be6 1/2-1/2

[Event "Landesklasse West 2014/2015"]
[Site "?"]
[Date "2014.10.05"]
[Round "2"]
[White "Feldmann, Bernd"]
[Black "Brehme, Stefan"]
[Result "1-0"]
[WhiteElo "1828"]
[BlackElo "1806"]
[PlyCount "85"]
[EventDate "2014.??.??"]

1. d4 d5 2. Nf3 Nf6 3. Bg5 e6 4. c3 Be7 5. Nbd2 O-O 6. e3 b6 7. Bd3 Bb7 8. Qc2
Nbd7 9. O-O-O Re8 10. h3 a6 11. Ne5 Nf8 12. Kb1 c5 13. f4 c4 14. Be2 b5 15. Bf3
a5 16. Bxf6 Bxf6 17. e4 Qc7 18. Rdf1 b4 19. g4 Reb8 20. Kc1 bxc3 21. bxc3 Be7
22. g5 Ba3+ 23. Kd1 Bc6 24. exd5 Rb2 25. dxc6 Rxc2 26. Kxc2 f6 27. gxf6 gxf6
28. Rhg1+ Kh8 29. Nexc4 Bd6 30. Nxd6 Qxd6 31. Rb1 Qxf4 32. Rb7 Rc8 33. Rgg7 Qd6
34. Rgf7 e5 35. Nc4 Qe6 36. Bg4 Qxc4 37. Bxc8 Qe2+ 38. Kb3 Kg8 39. Rg7+ Kh8 40.
Bf5 exd4 41. Rgf7 Kg8 42. Rxf8+ Kxf8 43. c7 1-0

[Event "Landesklasse West 2014/2015"]
[Site "?"]
[Date "2014.10.05"]
[Round "2"]
[White "Mages, Horst"]
[Black "Kunze, Heinz"]
[Result "1-0"]
[WhiteElo "1700"]
[BlackElo "1667"]
[PlyCount "48"]
[EventDate "2014.??.??"]

1. d4 Nf6 2. c4 d6 3. Nc3 g6 4. e4 Bg7 5. Be2 O-O 6. f4 c5 7. Nf3 cxd4 8. Nxd4
Nc6 9. Be3 Bd7 10. O-O a6 11. g4 Qb6 12. Nc2 Qxb2 13. Na4 Nxg4 14. Nxb2 Nxe3
15. Nxe3 Bxb2 16. Rb1 Bd4 17. Rb3 f5 18. Kh1 fxe4 19. Nd5 Bf5 20. Nxe7+ Nxe7
21. Qxd4 Nc6 22. Qd5+ Kh8 23. Rxb7 Rac8 24. Qxd6 Na5 1-0

[Event "Landesklasse West 2014/2015"]
[Site "?"]
[Date "2014.10.05"]
[Round "2"]
[White "Wiefel, Erik"]
[Black "Schenk, Michael"]
[Result "1-0"]
[WhiteElo "1735"]
[BlackElo "1500"]
[PlyCount "47"]
[EventDate "2014.??.??"]

1. e4 e5 2. Nf3 Nc6 3. Bc4 Be7 4. O-O d6 5. d4 exd4 6. Nxd4 Nxd4 7. Qxd4 Bf6 8.
Qd3 Be6 9. Nc3 Bxc4 10. Qxc4 c6 11. Bf4 Qe7 12. Rad1 O-O-O 13. Rfe1 Be5 14.
Bxe5 dxe5 15. Rxd8+ Kxd8 16. Rd1+ Kc8 17. b4 Nf6 18. b5 c5 19. Nd5 Qd6 20. h3
h6 21. Rd3 b6 22. Qa4 Re8 23. Qxa7 Nxd5 24. Rxd5 1-0

[Event "Landesklasse West 2014/2015"]
[Site "?"]
[Date "2014.10.05"]
[Round "2"]
[White "Engel, Udo"]
[Black "Mäurer, Michael"]
[Result "1/2-1/2"]
[WhiteElo "1438"]
[BlackElo "1576"]
[PlyCount "22"]
[EventDate "2014.??.??"]

1. e4 d5 2. exd5 Qxd5 3. Nc3 Qd6 4. g3 Nf6 5. d3 c6 6. Bg2 Bf5 7. Nf3 e6 8. O-O
Be7 9. a3 O-O 10. Bf4 Qd8 11. Qd2 Nd5 1/2-1/2

[Event "Landesklasse West 2014/2015"]
[Site "?"]
[Date "2014.10.26"]
[Round "3"]
[White "Kuntze, Andreas"]
[Black "Essegern, Kurt"]
[Result "1-0"]
[WhiteElo "1996"]
[BlackElo "1975"]
[PlyCount "59"]
[EventDate "2014.??.??"]
[WhiteTeam "Schachclub Rochade Leinefelde"]
[BlackTeam "Randspringer Bad Salzungen"]

1. e4 c5 2. d4 cxd4 3. c3 dxc3 4. Nxc3 Nc6 5. Nf3 e6 6. Bc4 Qc7 7. O-O Nf6 8.
Nb5 Qb8 9. e5 Ng4 10. Bf4 Ngxe5 11. Nxe5 Nxe5 12. Bxe6 dxe6 13. Rc1 f6 14. Nc7+
Kf7 15. Bxe5 fxe5 16. Qh5+ g6 17. Qf3+ Kg7 18. Nxa8 Bd6 19. Rfd1 e4 20. Qc3+
Be5 21. Qc5 Bxh2+ 22. Kh1 Qf4 23. Qe7+ Kh6 24. Rc3 e5 25. Rc7 Bh3 26. Qg7+ Kg5
27. Rc3 Bg4 28. Qxh8 Qxf2 29. Kxh2 e3 30. Qxe5+ 1-0

[Event "Landesklasse West 2014/2015"]
[Site "?"]
[Date "2014.10.26"]
[Round "3"]
[White "Essegern, Uwe"]
[Black "Kachel, Alfred"]
[Result "0-1"]
[WhiteElo "1860"]
[BlackElo "1951"]
[PlyCount "124"]
[EventDate "2014.??.??"]
[WhiteTeam "Randspringer Bad Salzungen"]
[BlackTeam "Schachclub Rochade Leinefelde"]

1. e4 d5 2. exd5 Qxd5 3. Nc3 Qd6 4. d4 Nf6 5. Nf3 a6 6. Bd3 Bg4 7. h3 Bh5 8. a3
Nc6 9. Be3 e6 10. g4 Bg6 11. Qd2 Be7 12. O-O-O Bxd3 13. Qxd3 h6 14. Kb1 O-O-O
15. Ne2 Qd5 16. Bf4 Bd6 17. Nc3 Qa5 18. Bxd6 Rxd6 19. Ne4 Nxe4 20. Qxe4 Qd5 21.
Qxd5 Rxd5 22. c3 Re8 23. Rde1 f6 24. Re2 Kd7 25. Rhe1 a5 26. Nd2 Re7 27. f4 b6
28. Kc2 g5 29. fxg5 Rxg5 30. Ne4 Rg6 31. Ng3 f5 32. Nh5 fxg4 33. hxg4 Rf7 34.
b4 a4 35. Rg1 Rf3 36. Kd2 Ne7 37. Re3 Rf7 38. c4 Rf2+ 39. Re2 Rf3 40. Re3 Rf8
41. Rge1 Rxg4 42. Rxe6 Rxd4+ 43. Kc3 Nf5 44. c5 bxc5 45. Nf6+ Kc8 46. Re8+ Rxe8
47. Rxe8+ Kb7 48. bxc5 Rh4 49. Re5 Nd4 50. Ne4 Nc6 51. Re6 h5 52. Kc4 Rh3 53.
Rh6 Rxa3 54. Rxh5 Rb3 55. Nc3 Rb4+ 56. Kd3 a3 57. Rh1 Rb2 58. Ra1 Nb4+ 59. Kc4
a2 60. Rc1 Nc6 61. Ra1 Na5+ 62. Kd3 Nb3 0-1

[Event "Landesklasse West 2014/2015"]
[Site "?"]
[Date "2014.10.26"]
[Round "3"]
[White "Frank, Thomas"]
[Black "Roth, Ralf"]
[Result "0-1"]
[WhiteElo "1922"]
[BlackElo "1797"]
[PlyCount "80"]
[EventDate "2014.??.??"]
[WhiteTeam "Schachclub Rochade Leinefelde"]
[BlackTeam "Randspringer Bad Salzungen"]

1. d4 Nf6 2. c4 g6 3. Nc3 Bg7 4. e4 d6 5. Nf3 O-O 6. Be2 Nc6 7. d5 Nb4 8. a3
Na6 9. h3 e6 10. O-O e5 11. Bg5 h6 12. Be3 Ne8 13. Ne1 f5 14. f3 f4 15. Bf2 c5
16. Nd3 b6 17. b4 Nf6 18. Rb1 Nc7 19. a4 a5 20. bxc5 bxc5 21. Be1 Na6 22. Bf2
Nh5 23. Qe1 Rf7 24. Nb5 Bf8 25. Kh2 Be7 26. Rg1 Nb4 27. Rb2 Kh7 28. Rd2 Ng3 29.
Qd1 Bh4 30. Nxe5 dxe5 31. Bxc5 Nxe2 32. Qxe2 Bg3+ 33. Kh1 Qh4 34. Qf1 g5 35.
Bd6 g4 36. fxg4 Bxg4 37. Bxe5 f3 38. Bxg3 Qxg3 39. Qf2 fxg2+ 40. Qxg2 Bf3 0-1

[Event "Landesklasse West 2014/2015"]
[Site "?"]
[Date "2014.10.26"]
[Round "3"]
[White "Pfitzenreuter, Gerald"]
[Black "Busch, Alexander"]
[Result "1-0"]
[WhiteElo "1863"]
[BlackElo "1808"]
[PlyCount "53"]
[EventDate "2014.??.??"]
[WhiteTeam "Schachclub Rochade Leinefelde"]
[BlackTeam "Randspringer Bad Salzungen"]

1. d4 Nf6 2. c4 g6 3. Nc3 d5 4. cxd5 Nxd5 5. e4 Nxc3 6. bxc3 Bg7 7. Nf3 O-O 8.
Be2 c5 9. Rb1 Nc6 10. d5 Ne5 11. Nxe5 Bxe5 12. Qc2 Qc7 13. g3 c4 14. f4 Bg7 15.
Rb4 b5 16. Rxb5 Ba6 17. Rb4 Rfb8 18. Ba3 e5 19. dxe6 fxe6 20. O-O Qc5+ 21. Kg2
Rxb4 22. Bxb4 Qe3 23. Bf3 Rd8 24. Rd1 Rd3 25. Rxd3 cxd3 26. Qa4 h6 27. Qxa6 1-0

[Event "Landesklasse West 2014/2015"]
[Site "?"]
[Date "2014.10.26"]
[Round "3"]
[White "Seeboth, Paul"]
[Black "Wiefel, Erik"]
[Result "1-0"]
[WhiteElo "1819"]
[BlackElo "1735"]
[PlyCount "93"]
[EventDate "2014.??.??"]
[WhiteTeam "Schachclub Rochade Leinefelde"]
[BlackTeam "Randspringer Bad Salzungen"]

1. d4 d5 2. Nf3 Nf6 3. c4 c6 4. Nc3 dxc4 5. e3 b5 6. a4 b4 7. Na2 e6 8. Bxc4 a5
9. b3 c5 10. Bb2 Nbd7 11. Qe2 Be7 12. O-O O-O 13. Bd3 Bb7 14. Rfd1 Qb6 15. Nd2
Ba6 16. Nc4 Bxc4 17. Bxc4 Rac8 18. Nc1 Rfd8 19. Nd3 Qb7 20. Nf4 Qa8 21. Bb5 Nb6
22. dxc5 Bxc5 23. Rxd8+ Rxd8 24. Bxf6 gxf6 25. Qg4+ Kh8 26. Qh5 Kg8 27. Qxc5
Nd5 28. Nxd5 Rxd5 29. Qc7 Rd2 30. Rc1 Qe4 31. Qg3+ Qg6 32. Kf1 Qxg3 33. hxg3
Rb2 34. Bc4 Kf8 35. Rd1 Ke7 36. Rd4 Kf8 37. Rd7 Rb1+ 38. Ke2 Rg1 39. Kf3 Rh1
40. Ra7 Rh5 41. Bb5 Rf5+ 42. Ke2 Rc5 43. Rxa5 Rc2+ 44. Kf3 Rc5 45. Ra7 Kg7 46.
Bc4 Kg6 47. Rb7 1-0

[Event "Landesklasse West 2014/2015"]
[Site "?"]
[Date "2014.10.26"]
[Round "3"]
[White "Mäurer, Michael"]
[Black "Stöber, Guido"]
[Result "1/2-1/2"]
[WhiteElo "1576"]
[BlackElo "1412"]
[PlyCount "61"]
[EventDate "2014.??.??"]
[WhiteTeam "Randspringer Bad Salzungen"]
[BlackTeam "Schachclub Rochade Leinefelde"]

1. d4 d5 2. f4 Nf6 3. Nf3 e6 4. e3 Be7 5. Bd3 O-O 6. O-O c5 7. c3 c4 8. Bc2 Nc6
9. Nbd2 Bd7 10. Ne5 Nxe5 11. fxe5 Ne8 12. e4 f5 13. exf6 Bxf6 14. e5 Be7 15.
Rxf8+ Bxf8 16. Qh5 g6 17. Qg4 Ng7 18. Nf3 Qe8 19. Bd2 Nf5 20. Nh4 Bh6 21. Bxh6
Nxh6 22. Qg5 Nf5 23. Rf1 Qd8 24. Qxd8+ Rxd8 25. Bxf5 exf5 26. Nf3 h6 27. g3 Kg7
28. Ne1 a5 29. Ng2 b5 30. a3 Rb8 31. Ra1 1/2-1/2

[Event "Landesklasse West 2014/2015"]
[Site "?"]
[Date "2014.10.26"]
[Round "3"]
[White "Recknagel, Michael"]
[Black "Geißhirt, Marco"]
[Result "1-0"]
[WhiteElo "2164"]
[BlackElo "1925"]
[PlyCount "59"]
[EventDate "2014.??.??"]
[WhiteTeam "SC Suhl"]
[BlackTeam "SG Barchfeld/Breitungen"]

1. e4 c6 2. d4 d5 3. e5 g6 4. Be3 Na6 5. Qd2 Nc7 6. Nf3 h5 7. Bd3 Nh6 8. c3 Bf5
9. Be2 Bxb1 10. Rxb1 Nf5 11. Bd3 Nxe3 12. fxe3 e6 13. O-O g5 14. Qf2 g4 15. Nh4
Qe7 16. Bg6 O-O-O 17. Bxf7 Qg5 18. Ng6 Rh6 19. Qf6 Qxe3+ 20. Kh1 h4 21. Bxe6+
Nxe6 22. Qxe6+ Kb8 23. Rxf8 Kc7 24. Rxd8 Qe4 25. Rf1 h3 26. Qf7+ Kb6 27. Qf2
Rxg6 28. Re1 g3 29. hxg3 Qd3 30. Rh8 1-0

[Event "Landesklasse West 2014/2015"]
[Site "?"]
[Date "2014.10.26"]
[Round "3"]
[White "Berghof, Axel"]
[Black "Reum, Lutz"]
[Result "0-1"]
[WhiteElo "2046"]
[BlackElo "1811"]
[PlyCount "22"]
[EventDate "2014.??.??"]
[WhiteTeam "SC Suhl"]
[BlackTeam "SG Barchfeld/Breitungen"]

1. e4 d5 2. e5 c5 3. b4 c4 4. Bb2 Bf5 5. Nf3 e6 6. a3 b5 7. Nd4 a6 8. Nc3 Ne7
9. a4 Nbc6 10. Nce2 Nxb4 11. Bc3 Bxc2 0-1

[Event "Landesklasse West 2014/2015"]
[Site "?"]
[Date "2014.10.26"]
[Round "3"]
[White "Crivellaro, Heiko"]
[Black "Feld-Gerdes, Wolfgang"]
[Result "0-1"]
[WhiteElo "1810"]
[BlackElo "2035"]
[PlyCount "70"]
[EventDate "2014.??.??"]
[WhiteTeam "SG Barchfeld/Breitungen"]
[BlackTeam "SC Suhl"]

1. f4 d5 2. Nf3 g6 3. e3 Bg7 4. Be2 Nh6 5. O-O O-O 6. d3 b6 7. c3 Bb7 8. Qe1
Nd7 9. Nbd2 Nf5 10. Bd1 e6 11. e4 dxe4 12. dxe4 Nd6 13. Bc2 Ba6 14. Rf2 Nc5 15.
Qe3 Re8 16. Ng5 h6 17. Nh3 Qd7 18. a4 Bb7 19. b4 Na6 20. e5 Nf5 21. Qe1 c5 22.
b5 Nc7 23. Nc4 Nd5 24. Bxf5 exf5 25. Ne3 Rad8 26. Bd2 Nxe3 27. Bxe3 f6 28. Rd2
Qe7 29. Qg3 Rxd2 30. Bxd2 Rd8 31. Be1 Kf7 32. exf6 Bxf6 33. Rc1 c4 34. Qf2 Qe4
35. Bd2 Bh4 0-1

[Event "Landesklasse West 2014/2015"]
[Site "?"]
[Date "2014.10.26"]
[Round "3"]
[White "Reum, Jonathan"]
[Black "Will, Ralph"]
[Result "1-0"]
[WhiteElo "1563"]
[BlackElo "1785"]
[PlyCount "125"]
[EventDate "2014.??.??"]
[WhiteTeam "SG Barchfeld/Breitungen"]
[BlackTeam "SC Suhl"]

1. d4 d5 2. c4 e6 3. Nc3 c6 4. e4 dxe4 5. Nxe4 Bb4+ 6. Nc3 Nf6 7. a3 Be7 8. Nf3
O-O 9. g3 Nbd7 10. Bg2 Re8 11. O-O Qc7 12. Bf4 Bd6 13. Bxd6 Qxd6 14. b4 Rb8 15.
Qa4 a6 16. Rfd1 b5 17. cxb5 cxb5 18. Qb3 Bb7 19. a4 Bd5 20. Nxd5 Nxd5 21. Ne5
f6 22. Bxd5 exd5 23. Nxd7 Qxd7 24. axb5 axb5 25. Rac1 Rec8 26. Rc5 Rd8 27. Rdc1
Rb7 28. Qc3 Rdb8 29. Rc7 Qd6 30. Qc6 Qxc6 31. R1xc6 Kf8 32. Rxb7 Rxb7 33. Rc5
Ke7 34. Rxd5 Ke6 35. Rc5 Rd7 36. Rxb5 Rxd4 37. Kf1 Rd7 38. Ra5 Kd6 39. Ke2 Rb7
40. Ra4 Kc6 41. Kd3 Kb5 42. Ra1 Rc7 43. Rb1 Re7 44. Rb2 Rc7 45. Kd4 Rd7+ 46.
Ke4 Re7+ 47. Kd5 Ra7 48. h4 Re7 49. g4 Re5+ 50. Kd4 h6 51. Rc2 Re7 52. Rc4 Rd7+
53. Kc3 Rd1 54. Rc5+ Kb6 55. g5 fxg5 56. hxg5 h5 57. g6 Rc1+ 58. Kd4 Rxc5 59.
bxc5+ Kc6 60. Ke4 h4 61. Kf4 h3 62. Kg3 Kxc5 63. Kxh3 1-0

[Event "Landesklasse West 2014/2015"]
[Site "?"]
[Date "2014.10.26"]
[Round "3"]
[White "v.d. Weth-v. Nordheim, Petra"]
[Black "Abe, Rico"]
[Result "1/2-1/2"]
[WhiteElo "1795"]
[BlackElo "1664"]
[PlyCount "26"]
[EventDate "2014.??.??"]
[WhiteTeam "SC Suhl"]
[BlackTeam "SG Barchfeld/Breitungen"]

1. d4 Nf6 2. Nf3 e6 3. Bg5 Be7 4. c4 d5 5. Nc3 c6 6. e3 O-O 7. Bd3 dxc4 8. Bxc4
Nd5 9. Bxe7 Qxe7 10. a3 Nxc3 11. bxc3 Nd7 12. O-O b5 13. Bd3 Bb7 1/2-1/2

[Event "Landesklasse West 2014/2015"]
[Site "?"]
[Date "2014.10.26"]
[Round "3"]
[White "Klingler, Lutz"]
[Black "Meister, Matthias"]
[Result "1/2-1/2"]
[WhiteElo "1945"]
[BlackElo "1745"]
[PlyCount "64"]
[EventDate "2014.??.??"]

1. f4 d5 2. Nf3 Bf5 3. e3 e6 4. b3 Be7 5. Bb2 Bf6 6. d4 h6 7. Bd3 Bg4 8. Nbd2
Bh4+ 9. g3 Be7 10. Qe2 f5 11. Qg2 Nd7 12. O-O Ngf6 13. Ne5 Nxe5 14. fxe5 Ne4
15. Nxe4 dxe4 16. Be2 Bxe2 17. Qxe2 O-O 18. c4 c6 19. a4 a5 20. Ba3 Bxa3 21.
Rxa3 b6 22. Raa1 Qe7 23. Rac1 c5 24. Rcd1 Rad8 25. Qb2 Rd7 26. d5 g6 27. d6 Qg7
28. Rf2 Rfd8 29. Rdf1 Kh7 30. Qa1 Rg8 31. Kh1 Rgd8 32. Qb2 Rg8 1/2-1/2

[Event "Landesklasse West 2014/2015"]
[Site "?"]
[Date "2014.10.26"]
[Round "3"]
[White "Stöber, Alexander"]
[Black "Lesser, Thomas"]
[Result "1-0"]
[WhiteElo "1669"]
[BlackElo "1857"]
[PlyCount "83"]
[EventDate "2014.??.??"]

1. c4 e5 2. Nc3 Nc6 3. g3 f5 4. Bg2 Nf6 5. d3 g6 6. e4 d6 7. Nge2 Bg7 8. O-O
O-O 9. h3 h6 10. f4 Kh7 11. Be3 Ne7 12. Qd2 c6 13. Rad1 Qc7 14. d4 Nxe4 15.
Nxe4 fxe4 16. fxe5 Rxf1+ 17. Rxf1 dxe5 18. dxe5 Nf5 19. g4 Nxe3 20. Qxe3 Bxe5
21. Bxe4 Be6 22. Nf4 Bxf4 23. Rxf4 Re8 24. Rf6 Bf7 25. Qd3 Kg7 26. Rf2 Qe5 27.
Rxf7+ Kxf7 28. Bxg6+ Kf8 29. Qf3+ Ke7 30. Qf7+ Kd8 31. Qxe8+ Qxe8 32. Bxe8 Kxe8
33. Kf2 Ke7 34. Ke3 Kf6 35. Kf4 b5 36. cxb5 cxb5 37. h4 a5 38. Ke4 Ke6 39. Kd4
Kd6 40. g5 hxg5 41. hxg5 a4 42. a3 1-0

[Event "Landesklasse West 2014/2015"]
[Site "?"]
[Date "2014.10.26"]
[Round "3"]
[White "Bamberg, Alexander"]
[Black "Kirchberg, Hans-Georg"]
[Result "1-0"]
[WhiteElo "1851"]
[BlackElo "1661"]
[PlyCount "55"]
[EventDate "2014.??.??"]

1. e4 d5 2. exd5 Qxd5 3. Nc3 Qd6 4. Nf3 Nf6 5. d4 a6 6. g3 e6 7. Bg2 Be7 8. O-O
O-O 9. Bf4 Qd8 10. Qd3 Nbd7 11. Rad1 c6 12. Rfe1 Nd5 13. Bd2 Nb4 14. Qc4 Nxc2
15. Re2 Nb4 16. Ne4 Nd5 17. a3 N7f6 18. Nc5 b6 19. Nd3 Bb7 20. Nfe5 Qc7 21. Rc1
Rfc8 22. b4 Nd7 23. Bh3 Nxe5 24. Nxe5 a5 25. Nxf7 Ba6 26. Qb3 Bxe2 27. Bxe6 Qb7
28. Nd6+ 1-0

[Event "Landesklasse West 2014/2015"]
[Site "?"]
[Date "2014.10.26"]
[Round "3"]
[White "Strecker, Frank"]
[Black "Wissel, Daniel"]
[Result "1-0"]
[WhiteElo "1643"]
[BlackElo "1839"]
[PlyCount "77"]
[EventDate "2014.??.??"]

1. Nf3 Nf6 2. g3 d5 3. Bg2 e6 4. d4 c5 5. c3 Nc6 6. Bf4 Bd6 7. Bxd6 Qxd6 8. O-O
O-O 9. Nbd2 c4 10. e4 Qc7 11. exd5 exd5 12. Qc2 Re8 13. Rfe1 Bg4 14. h3 Bh5 15.
Nh4 b5 16. Qf5 Ne7 17. Qc2 Ng6 18. Nf5 Ne7 19. Nh4 a5 20. a3 Nc6 21. Bf3 Bxf3
22. Nhxf3 b4 23. Rxe8+ Rxe8 24. Re1 Rxe1+ 25. Nxe1 Qe7 26. Nef3 bxa3 27. Qa4
Nxd4 28. cxd4 Qb4 29. Qxa3 Nd7 30. Qxb4 axb4 31. Kf1 f6 32. Ke2 Nb6 33. b3 c3
34. Nf1 Nc4 35. Ne3 Nxe3 36. fxe3 Kf7 37. Kd3 Ke6 38. Ne1 f5 39. Nc2 1-0

[Event "Landesklasse West 2014/2015"]
[Site "?"]
[Date "2014.10.26"]
[Round "3"]
[White "Krannich, Steffen"]
[Black "Meyer, Peter"]
[Result "1-0"]
[WhiteElo "1810"]
[BlackElo "1579"]
[PlyCount "55"]
[EventDate "2014.??.??"]

1. d4 Nf6 2. Nf3 g6 3. g3 d5 4. c4 c6 5. Bg2 Bg7 6. O-O O-O 7. cxd5 cxd5 8. Nc3
a6 9. Qb3 Nc6 10. Na4 b5 11. Nc5 Ne4 12. Be3 Nxc5 13. dxc5 e5 14. Rfd1 Be6 15.
Ng5 Nd4 16. Bxd4 exd4 17. Nf3 Rc8 18. Nxd4 Rxc5 19. Qe3 Bxd4 20. Qxd4 Qc7 21.
e3 Rd8 22. b3 Rd7 23. Rab1 Rc2 24. Rb2 Rc1 25. Rbd2 Rxd1+ 26. Rxd1 Qc2 27. Qa1
a5 28. Rc1 1-0

[Event "Landesklasse West 2014/2015"]
[Site "?"]
[Date "2014.10.26"]
[Round "3"]
[White "Lorenz, Sebastian"]
[Black "Burkhardt, Christian"]
[Result "1/2-1/2"]
[WhiteElo "1558"]
[BlackElo "1667"]
[PlyCount "34"]
[EventDate "2014.??.??"]

1. e4 e6 2. d4 d5 3. exd5 exd5 4. Bd3 Nc6 5. c3 Bd6 6. Ne2 Nge7 7. Bf4 Bg4 8.
f3 Bh5 9. Na3 a6 10. Qb3 b5 11. O-O O-O 12. Qc2 Bg6 13. b4 Qd7 14. Qd2 Bxd3 15.
Qxd3 Ng6 16. Bxd6 Qxd6 17. Nc2 Nce7 1/2-1/2

[Event "Landesklasse West 2014/2015"]
[Site "?"]
[Date "2014.10.26"]
[Round "3"]
[White "Klein, Matthias"]
[Black "Nolte, Rainer"]
[Result "1/2-1/2"]
[WhiteElo "1753"]
[BlackElo "1558"]
[PlyCount "104"]
[EventDate "2014.??.??"]

1. Nf3 Nf6 2. g3 g6 3. Bg2 Bg7 4. O-O O-O 5. d3 d5 6. Nbd2 Re8 7. c4 c6 8. Qc2
Bg4 9. h3 Bxf3 10. Nxf3 e5 11. e4 dxe4 12. dxe4 Na6 13. Rd1 Qc7 14. Be3 Nb4 15.
Qb3 c5 16. a3 Na6 17. Ne1 Rad8 18. Qb5 Qc8 19. Nc2 b6 20. Bg5 Nc7 21. Qc6 Ne6
22. Qxc8 Rxc8 23. Bxf6 Bxf6 24. Rd7 Re7 25. Rad1 Rxd7 26. Rxd7 Rc7 27. Rd6 Kf8
28. h4 Ke7 29. Rd3 Rd7 30. Rxd7+ Kxd7 31. Bh3 Kd6 32. Bxe6 Kxe6 33. Ne3 Bd8 34.
Kg2 f5 35. exf5+ gxf5 36. Nd5 Be7 37. Kf3 Bd6 38. Ke3 e4 39. b3 Be5 40. a4 Bd4+
41. Ke2 Be5 42. h5 h6 43. f4 exf3+ 44. Kxf3 Bd6 45. Nc3 Be5 46. Nb5 Bb8 47. Nc3
Be5 48. Nd5 Bd6 49. Ne3 Kf6 50. g4 fxg4+ 51. Kxg4 Ke5 52. Kf3 Bf8 1/2-1/2

[Event "Landesklasse West 2014/2015"]
[Site "?"]
[Date "2014.10.26"]
[Round "3"]
[White "Walter, Martin"]
[Black "Weigend, Joachim"]
[Result "1-0"]
[WhiteElo "1660"]
[BlackElo "1784"]
[PlyCount "57"]
[EventDate "2014.??.??"]

1. e4 c5 2. Nf3 a6 3. c3 d5 4. exd5 Qxd5 5. d4 cxd4 6. cxd4 e6 7. Nc3 Qd7 8.
Be2 Nf6 9. O-O Be7 10. Ne5 Qd8 11. Be3 O-O 12. Bf3 Nbd7 13. Nxd7 Qxd7 14. Qd2
Rb8 15. Rfd1 b5 16. Bf4 Bd6 17. Bg5 Be7 18. Rac1 Bb7 19. d5 h6 20. Bf4 Bd6 21.
dxe6 Bxf4 22. exf7+ Qxf7 23. Qxf4 Bxf3 24. Qxf3 b4 25. Nd5 Qe6 26. Rc6 Qe5 27.
Nxf6+ gxf6 28. Qd5+ Qxd5 29. Rxd5 1-0